00681nam a22002177a 450000500170000001000150001702000180003203500140005003700130006408200130007710000160009024501410010626000420024727000620028930000210035170000160037270000220038870000130041071000230042371100170044620220718153432.0 aENG-133637 a9789388398671 aEN-117169 bDBAD/PUB a658.4063 aKannadas, P aInnovative Strategies Of Management In the Globalized Era - 2019;b Innternational Conference Proceeding/ced. by P. Kannadas[et al...]  aTamil NadubShanlax Publicationc2019 a61, 66 T.P.K. Main Road, Vasantha Nagar,bMaduraie625003 a418p.c24cm(pbk) aP. Kannadas aK. Chandrasekaran aD. Deepa aM. Palanivel Rajan aM. Premkumar